000 01146nam a22003371 4500
001 29843
003 BD-RjUL
005 20211209051453.0
008 140407s1963 enk b 001 0 eng d
035 _a(OCoLC)ocm02763368
035 _a(BD-RjUL)29928
040 _aNLM
_cNLM
_dGPM
_dKSU
_dUKM
_dZCU
_dBD-RjUL
_beng
041 1 _aengger
082 0 0 _a152.1
_218
_bSTP 1963
100 1 _aStraus, Erwin W.
_q(Erwin Walter),
_d1891-1975.
_990811
245 1 4 _aThe primary world of senses :
_ba vindication of sensory experience /
_cErwin W. Straus.
260 _aNew York :
_bFree Press of Glencoe,
_cc1963.
300 _axvi, 428 p. :
_bill.
_c22 cm.
504 _aIncludes bibliographical references and index.
600 1 2 _aPavlov, Ivan Petrovich,
_d1849-1936.
_989645
600 1 0 _aPavlov, Ivan Petrovich,
_d1849-1936.
_989645
650 2 _aConditioning, Classical.
_990812
650 2 _aPerception.
_990813
650 2 _aSensation.
_95252
650 0 _aSenses and sensation.
_95252
650 0 _aPerception.
_990814
650 0 _aMeaning (Psychology)
_9361
650 0 _aConditioned response.
_97097
942 _2ddc
_cBK
999 _c29843
_d29843